top 10 największych stacji kolejowych pkp w Polsce - Statystyki

Ogólne statystyki
  • Ten quiz został rozwiązany 297 razy
  • Średni wynik to 8 z 10
Statystyki odpowiedzi
Hint Odpowiedź % Poprawnych
5. Warszawa centralna
96%
1. Wrocław główny
94%
8. Warszawa zachodnia
91%
6. Kraków główny
89%
2. Poznań główny
89%
10. Gdańsk główny
87%
4. Warszawa Wschodnia
87%
9. Katowice
76%
7. Gdynia głowna
75%
3. Warszawa śródmieście
28%
Nie znaleziono quizów pasujących do podanych kryteriów
Rozkład punktacji
Procent ludzi z każdym wynikiem
Percentyl według liczby udzielonych odpowiedzi
Twoja historia wyników
Nie rozwiązałeś tego quizu